Intishār al-Islām fī al-qārrah al-Ifrīqīyah, (Record no. 47069)

MARC details
000 -LEADER
fixed length control field 00746cam a22002411 4500
001 - CONTROL NUMBER
control field ne 64001374
003 - CONTROL NUMBER IDENTIFIER
control field DLC
005 - DATE AND TIME OF LATEST TRANSACTION
control field 20260227111800.0
008 - FIXED-LENGTH DATA ELEMENTS--GENERAL INFORMATION
fixed length control field 890929s1963 ua b b 000 0 ararc
010 ## - LIBRARY OF CONGRESS CONTROL NUMBER
LC control number ne 64001374
035 ## - SYSTEM CONTROL NUMBER
System control number (OCoLC)20413690
040 ## - CATALOGING SOURCE
Original cataloging agency Princeton Univ. Libr for LC
Transcribing agency WaU
Modifying agency WaU
-- DLC
042 ## - AUTHENTICATION CODE
Authentication code premarc
043 ## - GEOGRAPHIC AREA CODE
Geographic area code f------
050 00 - LIBRARY OF CONGRESS CALL NUMBER
Classification number BP64.A1
Item number H37 1963
100 1# - MAIN ENTRY--PERSONAL NAME
Personal name Hassan, Hassan Ibrahim.
245 10 - TITLE STATEMENT
Title Intishār al-Islām fī al-qārrah al-Ifrīqīyah,
Statement of responsibility, etc. taʼlīf Ḥasan Ibrāhīm Ḥasan.
250 ## - EDITION STATEMENT
Edition statement al-Ṭabʻah 2.
260 ## - PUBLICATION, DISTRIBUTION, ETC.
Place of publication, distribution, etc. al-Qāhirah,
Name of publisher, distributor, etc. Maktabat al-Nahḍah al-Miṣrīyah,
Date of publication, distribution, etc. 1963.
300 ## - PHYSICAL DESCRIPTION
Extent 5, 248 p.
Other physical details maps.
Dimensions 24 cm.
504 ## - BIBLIOGRAPHY, ETC. NOTE
Bibliography, etc. note Bibliography: p. [245]-248.
650 #0 - SUBJECT ADDED ENTRY--TOPICAL TERM
Topical term or geographic name entry element Islam
Geographic subdivision Africa.

No items available.

Powered by Koha